| 000 | 004410000a22001690004500 | ||
|---|---|---|---|
| 003 | MACL | ||
| 005 | 20160112124524.0 | ||
| 008 | 160112b xxu||||| |||| 00| 0 eng d | ||
| 040 |
_aMACL _cMACL |
||
| 041 | _aEnglish | ||
| 082 | _a921/JAG | ||
| 100 |
_aJagirda, P J _931161 |
||
| 245 | _aSrudies In The social Thought of M Ranade | ||
| 260 |
_bAsia Publishing House _c1963 _aBombay |
||
| 650 |
_aBiography _931162 |
||
| 942 |
_cBK _k921/Jag _2ddc |
||
| 999 |
_c35869 _d35869 |
||